Financial Management. (Record no. 349062)

000 -LEADER
fixed length control field 00424 a2200169 4500
020 ## - INTERNATIONAL STANDARD BOOK NUMBER
International Standard Book Number 0324259689
022 ## - INTERNATIONAL STANDARD SERIAL NUMBER
International Standard Serial Number 0324224168
082 ## - DEWEY DECIMAL CLASSIFICATION NUMBER
Classification number 658.15
090 ## - LOCALLY ASSIGNED LC-TYPE CALL NUMBER (OCLC); LOCAL CALL NUMBER (RLIN)
-- 6712
-- 6712
100 ## - MAIN ENTRY--PERSONAL NAME
Personal name Brigham,Eugene F.
245 ## - TITLE STATEMENT
Title Financial Management.
Remainder of title Theory and Practice.
Statement of responsibility, etc. Eugene F.Brigham
250 ## - EDITION STATEMENT
Edition statement 11th.
260 ## - PUBLICATION, DISTRIBUTION, ETC.
Place of publication, distribution, etc. America.
Name of publisher, distributor, etc. Thomson.
Date of publication, distribution, etc. 2005.
300 ## - PHYSICAL DESCRIPTION
Extent 1000p.
500 ## - GENERAL NOTE
General note Paper cover
942 ## - ADDED ENTRY ELEMENTS (KOHA)
Institution code [OBSOLETE] NBS
Koha item type Book
Call number prefix 658.15 BRI
Holdings
Withdrawn status Lost status Damaged status Not for loan Permanent Location Current Location Date acquired Total Checkouts Total Renewals Full call number Barcode Date last seen Date last checked out Price effective from Koha item type
        Central Library (CL) Central Library (CL) 08/28/2013 6 1 658.15 BRI NBS5691 11/18/2025 10/22/2025 08/28/2013 Book
© 2023 Central Library, National University of Sciences and Technology. All Rights Reserved.